| 000 | 00923nam a22002417a 4500 | ||
|---|---|---|---|
| 999 |
_c329446 _d329446 |
||
| 003 | BLK | ||
| 005 | 20240824130254.0 | ||
| 008 | 190311b bu ||||| |||| 00| 0 bu d | ||
| 020 | _a978-954-685-976-1 | ||
| 040 | _aBLK | ||
| 041 |
_aBUL _cBUL |
||
| 080 |
_aЛитература на отделни езици и езикови семейства _b821 _x-93-91 _z821-93-91 |
||
| 080 |
_aИздания за деца и юноши. Книжки-картинки. Читанки. Вж и 372.4 _b087.5 _z087.5 |
||
| 139 |
_aБамби _bБ 18 |
||
| 245 | _aБамби : приказка със стикери | ||
| 260 |
_9209582 _aСофия _bСофтПрес _c2011 |
||
| 300 |
_a16 с. _bс цв. ил., 2 л. стикери _c27 см |
||
| 380 | _aDX | ||
| 700 |
_9966 _aЙотова, Христина Ценкова _eпрев. |
||
| 942 |
_cKNG _n0 _04 |
||
| 999 | _d329446 | ||
| 944 |
_k30532 _lЛиляна Коева |
||